|
|
|
|
| LEADER |
05690nam a22004093i 4500 |
| 001 |
EBC7100927 |
| 003 |
MiAaPQ |
| 005 |
20240729202203.0 |
| 006 |
m o d | |
| 007 |
cr cnu|||||||| |
| 008 |
240729s1976 xx o ||||0 ger d |
| 020 |
|
|
|a 9783428436187
|q (electronic bk.)
|
| 020 |
|
|
|z 9783428036189
|
| 035 |
|
|
|a (MiAaPQ)EBC7100927
|
| 035 |
|
|
|a (Au-PeEL)EBL7100927
|
| 035 |
|
|
|a (OCoLC)1347024297
|
| 040 |
|
|
|a MiAaPQ
|b eng
|e rda
|e pn
|c MiAaPQ
|d MiAaPQ
|
| 100 |
1 |
|
|a Dreißig, Wilhelmine.
|
| 245 |
1 |
0 |
|a Öffentliche Finanzwirtschaft und Verteilung IV.
|
| 250 |
|
|
|a 1st ed.
|
| 264 |
|
1 |
|a Berlin :
|b Duncker & Humblot,
|c 1976.
|
| 264 |
|
4 |
|c {copy}1976.
|
| 300 |
|
|
|a 1 online resource (151 pages)
|
| 336 |
|
|
|a text
|b txt
|2 rdacontent
|
| 337 |
|
|
|a computer
|b c
|2 rdamedia
|
| 338 |
|
|
|a online resource
|b cr
|2 rdacarrier
|
| 490 |
1 |
|
|a Schriften des Vereins Für Socialpolitik Series
|
| 505 |
0 |
|
|a Intro -- Vorwort -- Inhaltsverzeichnis -- Horst Zimmermann, Marburg: Subventionen und Verteilung. Zur empirischen Erfaßbarkeit von Subventionswirkungen auf die personale Einkommensverteilung -- A. Die Fragestellung -- I. Die Frage nach den Verteilungswirkungen von Subventionen -- 1. Zielsetzung und Abgrenzung -- 2. Die Rolle des Verteilungsziels bei der Vergabe von Subventionen -- 3. Der Umfang der Subventionen und Steuerbegünstigungen -- II. Exkurs: Subventionssubstitute und ihre Verteilungsrelevanz -- 1. Steuervergünstigungen -- 2. Subventionselemente in öffentlichen Käufen -- 3. Zur Einkommensrelevanz von Realtransfers und Verordnungen -- B. Anhaltspunkte für den möglichen Verteilungseffekt einer Subvention -- I. Die Vorgehensweise -- II. Merkmale des empfangenden Unternehmens -- 1. Sektorale Merkmale -- 2. Die Betriebsgröße als Merkmal -- 3. Regionale Merkmale -- III. Die Stelle der beabsichtigten bzw. vermutlichen Wirkung einer Subvention als Anhaltspunkt für den Verteilungseffekt -- 1. Die möglichen Begünstigten einer Weitergabe der Subvention -- 2. Wirkungen auf der Beschaffungsseite -- a) Die Lohnsubvention -- b) Exkurs: Unternehmensbezogene Sozialtransfers -- c) Vorprodukte und Fremdfinanzierung -- 3. Wirkungen auf der Absatzseite -- 4. Vorteile für den Kapitaleigner -- IV. Die Rolle der Subventionsauflagen bei der Erfassung der Verteilungswirkungen -- 1. Empfangsauflagen -- 2. Finanzielle Auflagen -- 3. Verwendungsauflagen -- C. Zur Entwicklung von verteilungsorientierten Strategien -- Anhang -- Summary -- Klaus Mackscheidt, Köln: Öffentliche Güter und Ausgabeninzidenz -- Einleitung: 1. Ein Spektrum verteilungsspezifischer Untersuchungsfelder im Staatsausgabenbereich -- 2. Methodische Probleme als Schwerpunkt der Untersuchung -- Teil A: Methodische Probleme bei Ausgabeninzidenzanalysen.
|
| 505 |
8 |
|
|a 1. Die Messung des personellen Wohlstandsniveaus bei privaten und öffentlichen Gütern -- 2. Reine öffentliche Güter versus gruppenspezifische Güter -- a) Einschränkungen auf der Angebotsseite -- b) Nachfragebedingte Einschränkungen -- 3. Die Ermittlung der Benutzergruppen -- Teil B: Einkommensvergleiche, Bewertungsformen und Zuordnungsverfahren in empirischen Ausgabeninzidenzanalysen -- 1. Partialanalysen: Zur Inzidenz von Hochschulausgaben -- a) Erfahrungen aus Einzelstudien -- b) Ergebnisse einer Fallstudie: Die Verteilung der Ausgaben der Universität Köln auf verschiedene Einkommensklassen -- c) Zurechnungs- und Bewertungsprobleme -- 2. Gesamtanalysen: Kosten als Maßstab -- 3. Gesamtanalysen: Kosten und Nutzen als Maßstab -- a) Der Ansatz von H. Aaron und M. McGuire -- b) Der Ansatz von W. Pommerehne -- Anhang -- Studie über Verteilungseffekte des Ausbildungsangebots der Universität zu Köln auf der Datenbasis von 1973 -- A. Zurechnung der Kosten des Ausbildungsangebots auf Fakultäten -- I. Personalkosten in DM -- II. Sächliche Verwaltungskosten in DM -- III. Grundstücks- und Gebäudenutzungskosten in DM -- IV. Kosten, die aus Beiträgen Dritter getragen werden, davon Anteil der öffentlichen Hand in DM -- V. Kosten der Sonderforschungsbereiche. Math.-Nat.: 3.101.600 DM -- VI. Kosten des medizinisch-praktischen Bereichs (klinische Anstalten) in DM -- VII. Aggregation der Kostenarten in DM -- B. Einkommensklassenspezifischer Einkommenstransfer aus der Nutzung des Ausbildungsangebots der Universität zu Köln -- I. Anteil der Einkommensklassen an der Inanspruchnahme des Ausbildungsangebots in % -- II. Einkommenstransfer aus der Inanspruchnahme des Ausbildungsangebots auf die Einkommensklassen in DM -- C. Einkommensklassenspezifische Inzidenz des Ausbildungsangebots der Universität zu Köln.
|
| 505 |
8 |
|
|a I. Einkommenstransfer auf die Einkommensklassen bei verteilungsneutraler Inanspruchnahme des Ausbildungsangebots in DM -- II. Abweichung des ermittelten Einkommenstransfers vom verteilungsneutralen Einkommenstransfer in DM -- Summary -- Clemens-August Andreae, Innsbruck: Verteilungswirkungen der Theaterfinanzierung -- II. -- III. -- IV. -- V. -- Anhang -- Summary.
|
| 588 |
|
|
|a Description based on publisher supplied metadata and other sources.
|
| 590 |
|
|
|a Electronic reproduction. Ann Arbor, Michigan : ProQuest Ebook Central, 2024. Available via World Wide Web. Access may be limited to ProQuest Ebook Central affiliated libraries.
|
| 655 |
|
4 |
|a Electronic books.
|
| 776 |
0 |
8 |
|i Print version:
|a Dreißig, Wilhelmine
|t Öffentliche Finanzwirtschaft und Verteilung IV
|d Berlin : Duncker & Humblot,c1976
|z 9783428036189
|
| 797 |
2 |
|
|a ProQuest (Firm)
|
| 830 |
|
0 |
|a Schriften des Vereins Für Socialpolitik Series
|
| 856 |
4 |
0 |
|u https://ebookcentral.proquest.com/lib/matrademy/detail.action?docID=7100927
|z Click to View
|